|
|
|
|
| LEADER |
01209nam a2200265 a 4500 |
| 001 |
00006627 |
| 008 |
110716r19971973cama b 001 0 eng d |
| 020 |
|
|
|a 8185015546
|
| 040 |
|
|
|a BD-DhAAL
|c BD-DhAAL
|
| 082 |
0 |
0 |
|a 001.6/42
|2 21
|
| 100 |
1 |
|
|a Knuth,Donald Ervin.
|
| 245 |
1 |
0 |
|a Fundamental algorithms /
|c Donald Ervin Knuth, with a foreward and suggested exercises by P.C.P. Bhatt.
|
| 250 |
|
|
|a Second ed.
|
| 260 |
|
|
|a Upper Saddle, N.J :
|b Addison-Wesley ;
|a New Delhi :
|b Narosa Publisher,
|c 1973 [Reprinted 1997]
|
| 300 |
|
|
|a xxiv,336 p. ;
|c 24 cm.
|
| 490 |
0 |
|
|a The art of computer programming,vol. 1,
|
| 504 |
|
|
|a Includes bibliographical references and index.
|
| 541 |
1 |
|
|e 00006627
|
| 650 |
|
0 |
|a Computer programming
|
| 700 |
1 |
|
|a Bhatt,P.C.P.
|
| 852 |
4 |
|
|a Ayesha Abed Library
|j General shelf
|
| 942 |
0 |
0 |
|0 1
|
| 999 |
|
|
|c 11101
|d 11101
|
| 952 |
|
|
|0 0
|1 0
|2 ddc
|4 0
|6 001_642000000000000_KNU
|7 0
|9 17483
|a BRACUL
|b BRACUL
|c GEN
|d 2011-07-16
|l 5
|m 55
|o 001.642 KNU
|p 3010012309
|r 2023-10-04
|s 2023-08-26
|t 2
|w 2011-07-16
|y BK
|x Price not available in Register
|
| 952 |
|
|
|0 0
|1 0
|2 ddc
|4 0
|6 001_642000000000000_KNU
|7 0
|9 17661
|a BRACUL
|b BRACUL
|c GEN
|d 2011-07-30
|l 5
|m 33
|o 001.642 KNU
|p 3010006627
|r 2019-08-07
|s 2019-06-16
|t 2
|w 2011-07-30
|y BK
|